Ks. Konstantego Damrota Gdańska i morza poznawanie

Titel: Ks. Konstantego Damrota Gdańska i morza poznawanie
Verfasser:
In: Rocznik Gdański, Band 57, Heft 1 (1997), Seite 135-154
alle Artikel anzeigen
Veröffentlicht: 1997
Format: Aufsatz
Sprache: Polnisch
Kein Bild verfügbar
X
alg: 39349932
001A    $01999:12-11-16 
001B    $01999:07-04-21 $t19:49:00.000 
001C    $06050:19-11-16 $t09:05:24.000 
001D    $01999:12-11-16 
001U    $0utf8 
001X    $00 
002@    $0Aox 
003@    $0393499324 
007A    $0393499324 $aHEB 
007T    $0Herdt05099 
010@    $apol 
011@    $a1997 
021A    $aKs. Konstantego Damrota Gdańska i morza poznawanie 
028A    $aLinkner $dTadeusz 
031A    $d57 $e1 $h135-154 $j1997 
037A    $aengl. Res. 154: Acquaintance of Gdańsk and the Sea Made by the Rev. Konstanty Damrot 
039B    $aIn $8--Abvc--. Rocznik Gdański. - Gdańsk : Wydawn. Gdańskie, 1927-. - ISSN 0080-3456 $x199700000570001865 $9047550872 
045F    $a900.9438209033 $eDDC23BSB 
045F/01 $a900 
045F/03 $f09033 
045F/03 $f9034 
045F/03 $f09041 
045F/03 $g4382 
045F/03 $g43832 
045T    $a9,10 $a8 

lok: 39349932 78

exp: 39349932 78 1 #EPN
201B/01 $029-05-18 $t22:56:12.000 
201U/01 $0utf8 
203@/01 $0789609762 
208@/01 $a12-11-16 $be 
209A/01 $a/ $f000 $x00 
220C/01 $aTitelaufnehmer: uz 
244Z/01 $2Trx $#Prusy Wschodnie i Zachodnie $8--Trx--Ost- und Westpreußen $x01 $939113373X 
244Z/01 $#Danzig $#Ville Libre de Danzig $#Dantzig $#Ville Libre de Dantzig $#Freistaat Danzig $#Gdańsk $#Freie Stadt Danzig $#Urząd Miejski w Gdańsku $#Gyddanzyc $#Gedanum $#Dantiscum $74011039-4 $8--Tg1--Danzig $x02 $9085022225 
244Z/01 $aGeschichte 1886 $x03 
244Z/01 $#Damroth, Konstantin $#Lubiński, Czesław $#Lublinski, Czeslaw $7119084708 $8--Tp1--Damrot, Konstanty$Z1841-1895 $x04 $9087424924 
244Z/01 $2Trx $#reisikirjeldused $#kelionių aprašymai $#travel descriptions $#útleírások $#opisy podróży $#cestopisy $#cestopisy $8--Trx--Reisebeschreibungen $x05 $939138290X 
244Z/01 $2Trx $8--Trx--Zeitschriftenaufsatz $x06 $9391384341 
245Z/01 $a13.03 $x01 
245Z/01 $a06.03.04 $x02 
247C/01 $82080>Marburg/Lahn, Herder-Institut, Forschungsbibliothek, Bibliographieportal $9336309341
LEADER 00000caa a22000002c 4500
001 393499324
003 DE-603
005 20210407194900.0
007 tu
008 161112s1997 xx |||| | u00||u|pol c
035 |a (DE-599)HEB393499324 
040 |a DE-603  |b ger  |c DE-603  |d DE-603 
041 |a pol 
082 0 4 |8 1\u  |a 900.9438209033  |q DE-101  |2 23/BSB 
084 |a 9,10  |a 8  |2 ssgn 
085 |8 1\u  |b 900 
085 |8 1\u  |z 1  |s 09033 
085 |8 1\u  |z 1  |s 9034 
085 |8 1\u  |z 1  |s 09041 
085 |8 1\u  |z 2  |s 4382 
085 |8 1\u  |z 2  |s 43832 
100 1 |a Linkner, Tadeusz 
245 0 0 |a Ks. Konstantego Damrota Gdańska i morza poznawanie 
264 0 |c 1997 
500 |a engl. Res. 154: Acquaintance of Gdańsk and the Sea Made by the Rev. Konstanty Damrot 
773 0 8 |i In  |t Rocznik Gdański  |d Gdańsk : Wydawn. Gdańskie, 1927-  |x 0080-3456  |g Band 57, Heft 1 (1997), Seite 135-154  |w (DE-603)047550872  |w (DE-600)400807-8 
924 0 |9 2080  |a (DE-603)789609762  |b DE-2080  |c HES  |d d  |g /